000 01655nam a2200385Ia 4500
001 vtls003191012
003 MY-SjTCS
005 20200226110722.0
006 m u
007 cr cn|||||||||
008 100712s2004 maua sb 001 0 eng d
010 _z 2003-071049
020 _z1402025181
020 _z1402077270
035 _a(CaPaEBR)ebr10101573
039 9 _y201007121623
_zVLOAD
040 _aCaPaEBR
_cCaPaEBR
050 1 4 _aTK5103.78
_bP54 2004eb
082 0 4 _a621.382/3
_222
100 1 _aPiessens, Tim.
245 1 0 _aDesign and analysis of high efficiency line drivers for xDSL
_h[electronic resource] /
_cTim Piessens and Michiel Steyaert.
260 _aBoston :
_bKluwer Academic Publishers,
_c2004.
300 _axxii, 235 p. :
_bill.
490 1 _aKluwer international series in engineering and computer science ;
_vSECS 759
504 _aIncludes bibliographical references (p. [225]-230) and index.
529 _aTSLHHL
533 _aElectronic reproduction.
_bPalo Alto, Calif. :
_cebrary,
_d2009.
_nAvailable via World Wide Web.
_nAccess may be limited to ebrary affiliated libraries.
650 0 _aDigital subscriber lines.
_939811
650 0 _aLine drivers (Integrated circuits)
_xDesign and construction.
655 7 _aElectronic books.
_2local
700 1 _aSteyaert, Michiel,
_d1959-
710 2 _aebrary, Inc.
_925628
830 0 _aKluwer international series in engineering and computer science ;
_vSECS 759.
_97080
856 4 0 _uhttps://ezproxy.taylors.edu.my/login?url=http://site.ebrary.com/lib/taylorscollege/Doc?id=10101573
_zAn electronic book accessible through the World Wide Web; click to view
999 _c71206